logo

Bir Sreshtho Munshi Abdur Rouf Library
Jhenaidah Cadet College

Imam al-Shatibi's theory of the higher objectives and intents of Islamic law / (Record no. 12369)

MARC details
000 -LEADER
fixed length control field 01025nam a2200265 a 4500
001 - CONTROL NUMBER
JCCL Control Number 12369
003 - CONTROL NUMBER IDENTIFIER
JCCL marc code BD-JhCC
005 - DATE AND TIME OF LATEST TRANSACTION
control field 20211115100707.0
008 - FIXED-LENGTH DATA ELEMENTS--GENERAL INFORMATION
fixed length control field 210605s2005 ii b 001 0 eng
020 ## - INTERNATIONAL STANDARD BOOK NUMBER
International Standard Book Number 1565644123 (pbk.)
020 ## - INTERNATIONAL STANDARD BOOK NUMBER
International Standard Book Number 1565644131 (hbk.)
035 ## - SYSTEM CONTROL NUMBER
system control number (BD-JhCC)12369
040 ## - CATALOGING SOURCE
Original cataloging agency DLC
Transcribing agency DLC
Modifying agency BD-JhCC
041 1# - LANGUAGE CODE
Language code of Book eng
Language code of original and/or intermediate translations of text ara
082 ## - DEWEY DECIMAL CLASSIFICATION NUMBER
Classification number 349.1767
Author mark and Year ALR 2005
100 1# - MAIN ENTRY--PERSONAL NAME
Personal name Al-Raysūnī, Aḥmad,
Titles and other words associated with a name Duktūr.
245 10 - TITLE STATEMENT
Title Imam al-Shatibi's theory of the higher objectives and intents of Islamic law /
Statement of responsibility, etc Ahmad al-Raysuni ; with an introduction by Taha Jabir al-Alwani ; translated from the Arabic by Nancy Roberts.
246 17 - VARYING FORM OF TITLE
Title proper/short title Higher objectives of Islamic law
260 ## - PUBLICATION, DISTRIBUTION, ETC. (IMPRINT)
Place of publication, distribution, etc London ;
-- Washington :
Name of publisher, distributor, etc International Institute of Islamic Thought,
Date of publication, distribution, etc 2005.
300 ## - PHYSICAL DESCRIPTION
Pagination xxxvi, 441 p. ;
Dimensions 24 cm.
504 ## - BIBLIOGRAPHY, ETC. NOTE
Bibliography, etc Includes bibliographical references (p. [410]-420) and index.
600 10 - SUBJECT ADDED ENTRY--PERSONAL NAME
Personal name Shāṭibī, Ibrāhīm ibn Mūsá,
Dates associated with a name -1388.
710 2# - ADDED ENTRY--CORPORATE NAME
Corporate name or jurisdiction name as entry element International Institute of Islamic Thought.
942 ## - ADDED ENTRY ELEMENTS (KOHA)
Source of classification or shelving scheme Dewey Decimal Classification
Koha item type Books
Holdings
Source of classification or shelving scheme Damaged status Not for loan Home library Current library Shelving location Date of accession Cost, normal purchase price Total Checkouts Full call number Barcode Date last seen Copy number Koha item type
Dewey Decimal Classification     JCC Rouf Library JCC Rouf Library General Stacks 06/05/2021 1000.00   349.1767 ALR 2005 16722 11/15/2021 C-1 Books

JCC Library | Contacts | JCC Home

Last Update on 23 September 2017
Copyright @ 2017-2020 JCC Rouf Library
Rouf Library, Jhenidah Cadet College (JCC), Bangladesh